| 000 | 00588nam a22002055i 4500 | ||
|---|---|---|---|
| 999 |
_c7483 _d7483 |
||
| 003 | OSt | ||
| 005 | 20200310090327.0 | ||
| 008 | 130820s2014 nyu 000 0 eng | ||
| 020 | _a9780847842292 (alk. paper) | ||
| 040 |
_aDLC _beng _erda _cDLC |
||
| 042 | _apcc | ||
| 082 |
_a728.37 _bSNY |
||
| 100 | 1 | _aSnyder, Stephen. | |
| 245 | 1 | 2 |
_aA place in the sun : _bgreen living and the solar home / _cStephen Snyder, Introduction by John Hix. |
| 250 | _a1st edition. | ||
| 300 | _apages cm | ||
| 906 |
_a0 _bibc _corignew _d2 _eepcn _f20 _gy-gencatlg |
||
| 942 | _2ddc | ||